[Event "15th Open"]
[Site "Balaguer ESP"]
[Date "2010.07.21"]
[Round "3"]
[White "Aroshidze,L"]
[Black "Zdebskaja,N"]
[Result "1-0"]
[WhiteElo "2548"]
[BlackElo "2383"]

1.e4 c5 2.Nf3 d6 3.d4 Nf6 4.Nc3 cxd4 5.Nxd4 a6 6.f3 e5 7.Nb3 Be6 8.Be3 h5
9.Qd2 Nbd7 10.O-O-O Be7 11.Kb1 b5 12.g3 Nb6 13.Na5 b4 14.Nc6 bxc3 15.Nxd8 cxd2
16.Nxe6 fxe6 17.Bxb6 h4 18.Bh3 hxg3 19.hxg3 d5 20.Bg2 Rxh1 21.Bxh1 dxe4 22.fxe4 Bb4
23.c3 Bxc3 24.bxc3 Rb8 25.Rxd2 Rxb6+ 26.Kc2 Ke7 27.Bf3 Rd6 28.Rh2 Rb6 29.Rh8 g5
30.g4 Rb5 31.a4 Rc5 32.Ra8 Rc6 33.Ra7+ Kf8 34.a5 Ne8 35.Be2 Nc7 36.Kb3 Ke8
37.Rb7 Kd7 38.Rb8 Ne8 39.Ra8 Nf6 40.Bxa6 Rc7 41.Bd3 Nxg4 42.a6 Kc6 43.Re8 Nf2
44.Rxe6+ Kd7 45.Rxe5 Nxd3 46.Rd5+ Ke6 47.Rxd3 Ra7 48.Rd5 Kf6 49.Rf5+ Kg6
50.Ra5 g4 51.Kc4 g3 52.Kb5 g2 53.Ra1 Kf6 54.Kb6 Rg7 55.a7 Rg8 56.Rg1  1-0

[Event "Corporation Centre Cup"]
[Site "Izhevsk RUS"]
[Date "2010.07.23"]
[Round "9"]
[White "Dzhumaev,M"]
[Black "Ozolin,M"]
[Result "1-0"]
[WhiteElo "2484"]
[BlackElo "2397"]

1.e4 c5 2.Nf3 d6 3.d4 cxd4 4.Nxd4 Nf6 5.Nc3 a6 6.Be3 Ng4 7.Bc1 Nf6 8.f3 Qb6
9.Bc4 e6 10.Bb3 Nbd7 11.Be3 Qc7 12.g4 Nc5 13.g5 Nfd7 14.a4 g6 15.Ba2 Qa5
16.O-O h6 17.f4 hxg5 18.f5 Ne5 19.fxe6 fxe6 20.Bxg5 Bg7 21.Ndb5 d5 22.b4 Qxb4
23.Nxd5 exd5 24.Qxd5 Ne6 25.Nc7+  1-0

[Event "Tch-POR 1st Div Final"]
[Site "Vila Nova de Gaia POR"]
[Date "2010.07.24"]
[Round "1.2"]
[White "Oliveira,L"]
[Black "Ribeiro,Fe"]
[Result "1/2-1/2"]
[WhiteElo "2125"]
[BlackElo "2273"]

1.e4 c5 2.Nf3 d6 3.d4 cxd4 4.Nxd4 Nf6 5.Nc3 a6 6.f3 e5 7.Nb3 Be6 8.Be3 Nbd7
9.Qd2 h5 10.Nd5 Nxd5 11.exd5 Bf5 12.c4 Rc8 13.Be2 Be7 14.Na5 Qc7 15.O-O O-O
16.b4 Rfe8 17.Rac1 Bf8 18.Rfd1 b6 19.Nb3 Ra8 20.c5 bxc5 21.bxc5 Nxc5 22.Nxc5 dxc5
23.d6 Qd7 24.Bxc5 Rec8 25.Qd5 Rc6 26.Ba3 Rac8 27.Rxc6 Rxc6 28.Bd3 Bxd3  1/2-1/2

[Event "15th Open"]
[Site "Balaguer ESP"]
[Date "2010.07.27"]
[Round "9"]
[White "Quesada Perez,Yu"]
[Black "Andriasian,Z"]
[Result "1/2-1/2"]
[WhiteElo "2603"]
[BlackElo "2588"]

1.e4 c5 2.Nf3 d6 3.d4 cxd4 4.Nxd4 Nf6 5.Nc3 a6 6.Be3 Ng4 7.Bc1 Nf6 8.f3 e5
9.Nb3 Be7 10.Be3 Be6 11.Qd2 O-O 12.O-O-O Nbd7 13.g4 b5 14.g5 b4 15.Ne2 Ne8
16.f4 a5 17.f5 a4 18.Nbd4 exd4 19.Nxd4 b3 20.Kb1 bxc2+ 21.Nxc2 Bb3 22.axb3 axb3
23.Na3 Ne5 24.h4 Ra4 25.Rh3 Qa8 26.Qd5 Rxa3 27.bxa3 Qxa3 28.Qd2 Qa8 29.Bd4 Qxe4+
30.Kb2 Qxf5 31.Rxb3 Nc7 32.Qc2 Qxc2+ 33.Kxc2 Nc6 34.Bb2 d5 35.Rb7 Ne6 36.Kb1 Rb8
37.Rxb8+ Nxb8 38.Rxd5 Nc6 39.Rd7 Bf8 40.Bc4 Ne7 41.h5 Nxg5 42.Rd8 Ne6 43.Ra8 Nc7
44.Rb8 Ne6 45.Ba3 Nc6 46.Re8 Ncd4 47.Kb2 g5 48.Kc3  1/2-1/2

[Event "Open"]
[Site "Szombathely HUN"]
[Date "2010.07.30"]
[Round "4"]
[White "Koban,B"]
[Black "Aczel,G"]
[Result "0-1"]
[WhiteElo "2275"]
[BlackElo "2382"]

1.e4 c5 2.Nf3 d6 3.d4 cxd4 4.Nxd4 Nf6 5.Nc3 a6 6.f3 e5 7.Nb3 Be6 8.Be3 h5
9.Qd2 Nbd7 10.O-O-O Rc8 11.Kb1 Be7 12.Nd5 Nxd5 13.exd5 Bf5 14.Bd3 Bxd3 15.Qxd3 Bg5
16.Rhe1 O-O 17.Qf5 Bxe3 18.Rxe3 g6 19.Qh3 Nf6 20.g4 Kg7 21.gxh5 Rh8 22.Qf1 Nxh5
23.Re4 Nf6 24.Re2 Rh4 25.Nd2 Rf4 26.Ne4 Nxe4 27.Rxe4 Qf6 28.Rxf4 Qxf4 29.Qg2 Qf5
30.Qe2 b5 31.Qe4 Qf6 32.b3 Rh8 33.Rd2 Rh4 34.Qe3 Rf4 35.Rd3 e4 36.Rd4 Rxf3
37.Qxe4 Rf1+ 38.Kb2 Rd1 39.c3 Qf2+ 40.Ka3 Ra1 41.Kb4 Qxa2  0-1

[Event "Politiken Cup"]
[Site "Copenhagen DEN"]
[Date "2010.07.31"]
[Round "1"]
[White "Schmitt,Ca"]
[Black "Aagaard,J"]
[Result "0-1"]
[WhiteElo "1933"]
[BlackElo "2542"]

1.e4 c5 2.Nf3 d6 3.d4 cxd4 4.Nxd4 Nf6 5.Nc3 a6 6.f3 e6 7.Be3 b5 8.Qd2 b4
9.Na4 Nbd7 10.Nb3 d5 11.O-O-O Qc7 12.Qf2 dxe4 13.Nb6 Nxb6 14.Bxb6 Qf4+ 15.Be3 Qb8
16.Bc5 Bxc5 17.Qxc5 Nd7 18.Qc6 O-O 19.Qxe4 a5 20.Bd3 Nf6 21.Qh4 Ba6 22.Nc5 Bxd3
23.Rxd3 Rc8 24.Nd7 Nxd7 25.Rxd7 Rxc2+ 26.Kb1 Rxg2 27.Rhd1 f6 28.Qh3 Re2 29.Rxg7+ Kxg7
30.Rd7+ Kf8 31.Qxh7 Re1+ 32.Kc2 Qc8+ 33.Rc7 Re2+ 34.Kc1 Qxc7+ 35.Qxc7 Re8
36.Qd6+ Kf7 37.Qd7+ Re7 38.Qd6 Re5 39.Kc2 Rd5 40.Qg3 a4 41.b3 a3 42.Qf4 Red7
43.h4 Rc5+  0-1

[Event "Arctic Chess Challenge"]
[Site "Tromso NOR"]
[Date "2010.08.02"]
[Round "3"]
[White "Caspi,I"]
[Black "Sandipan,C"]
[Result "0-1"]
[WhiteElo "2454"]
[BlackElo "2637"]

1.e4 c5 2.Nf3 d6 3.d4 cxd4 4.Nxd4 Nf6 5.Nc3 a6 6.f3 e6 7.Be3 b5 8.Qd2 Nbd7
9.g4 b4 10.Nce2 h6 11.O-O-O Qc7 12.h4 d5 13.Nf4 e5 14.Nfe6 fxe6 15.Nxe6 Qa5
16.exd5 Qxa2 17.Qd3 e4 18.Qd4 Bd6 19.Bc4 b3 20.f4 Qa1+ 21.Kd2 Qa5+ 22.c3 Qa2
23.Rb1 Bb7 24.Ke2 Rc8 25.Nxg7+ Kd8 26.Nf5 Rxc4 27.Qxc4 Bxd5 28.Bb6+ Nxb6
29.Qd4 Kc7 30.Nxd6 Rd8 31.Qc5+ Bc6 32.Nf7 Rd5 33.Qe7+ Nfd7 34.Ne5 Bb5+ 35.Ke3 Rxe5
36.Kd4  0-1

[Event "14th HZ Open"]
[Site "Vlissingen NED"]
[Date "2010.08.09"]
[Round "4"]
[White "Ramer,M"]
[Black "Nabuurs,J"]
[Result "1/2-1/2"]
[WhiteElo "2013"]
[BlackElo "2222"]

1.e4 c5 2.Nf3 d6 3.d4 cxd4 4.Nxd4 Nf6 5.Nc3 a6 6.f3 Qb6 7.Bd3 Nc6 8.Nb3 e6
9.Qe2 Be7 10.Be3 Qc7 11.Qf2 b5 12.g4 Ne5 13.g5 Nfd7 14.Rg1 Bb7 15.Nd4 b4
16.Nce2 Nc5 17.Rd1 Qa5 18.Nb3 Qxa2 19.Nxc5 dxc5 20.Bxc5 Nxf3+ 21.Kf1 Nxg1
22.Bxe7 Qa5 23.Qd4 Kxe7 24.Qxg7 Rhg8 25.Qf6+ Kf8 26.Nf4 Re8 27.h4 Nf3 28.Nh5 Nh2+
29.Ke2 Ng4 30.Qf4 f5 31.gxf6 Qxh5 32.Qd6+ Kf7 33.Qc7+ Kf8 34.Qd6+ Kf7 35.Qc7+ Kf8  1/2-1/2

[Event "XI Miquel Mas Open"]
[Site "Figueres ESP"]
[Date "2010.08.18"]
[Round "9"]
[White "Aroshidze,L"]
[Black "Anikaev,Y"]
[Result "1-0"]
[WhiteElo "2548"]
[BlackElo "2411"]

1.e4 c5 2.Nf3 d6 3.d4 cxd4 4.Nxd4 Nf6 5.Nc3 a6 6.f3 e6 7.Be3 Nc6 8.Qd2 Bd7
9.O-O-O h5 10.Kb1 Be7 11.Bd3 Qc7 12.g3 Na5 13.h3 Nc4 14.Bxc4 Qxc4 15.g4 h4
16.Qf2 b5 17.Rhg1 g6 18.Nb3 a5 19.Bd4 b4 20.g5 bxc3 21.gxf6 Bf8 22.Bxc3 a4
23.Nd2 Qc6 24.a3 e5 25.f4 Rh5 26.Rg5 Rxg5 27.fxg5 Bxh3 28.Qxh4 Be6 29.Qg3 O-O-O
30.Bb4 d5 31.Bxf8 Rxf8 32.Qxe5 Rd8 33.Nf3 dxe4 34.Rxd8+ Kxd8 35.Nd4 Qc4 36.Nxe6+ fxe6
37.Qd6+ Kc8 38.Qf4 Qe2 39.f7 Qd1+ 40.Ka2 Qd5+ 41.b3 axb3+ 42.cxb3  1-0

[Event "25th Open"]
[Site "Schwarzach AUT"]
[Date "2010.08.21"]
[Round "1"]
[White "Hulpia,F"]
[Black "Womacka,M"]
[Result "0-1"]
[WhiteElo "2069"]
[BlackElo "2478"]

1.e4 c5 2.Nf3 d6 3.d4 cxd4 4.Nxd4 Nf6 5.Nc3 a6 6.f3 e5 7.Nb3 Be6 8.Be3 Be7
9.Qd2 O-O 10.O-O-O a5 11.Bb5 Na6 12.Kb1 Nc7 13.Bb6 Qb8 14.Bxc7 Qxc7 15.a4 Rfd8
16.Nd5 Nxd5 17.exd5 Bd7 18.Qe2 Rdc8 19.Na1 Qd8 20.b3 Rc3 21.Kb2 Rac8 22.Bxd7 Qxd7
23.Rd3 e4 24.Rxc3 Bf6 25.Kb1 Bxc3 26.Qxe4 Qc7 27.Re1 Bxe1 28.Qxe1 Qc5 29.c4 Kf8
30.Nc2 Re8 31.Qg3 h6 32.Kb2 Re2 33.Kc3 Kg8 34.Kd3 Re8 35.Nd4 Qa3 36.Qf4 Qb2
37.Qd2 Qb1+ 38.Kc3 Qa1+ 39.Kd3 Qf1+ 40.Kc3 Re1 41.g4 Rc1+ 42.Kb2 Rd1 43.Qe3 Qg2+
44.Kc3 Qxh2 45.Nf5 Qa2 46.Nxd6 Qa1+ 47.Kc2 Qb1+ 48.Kc3 Rc1+ 49.Kd4 Qa1+ 50.Kc5 Qa3+
51.Kb6 Qxd6+ 52.Kxb7 Qb4+ 53.Ka6 Re1 54.Qb6 g6 55.Qxb4 axb4 56.Kb7 h5 57.a5 h4
58.a6 h3 59.d6 h2 60.a7 h1=Q 61.a8=Q+ Kg7 62.Kc7 Rd1 63.Qe4 Qh2 64.f4 Qa2
65.Qe5+ Kh7 66.Qc5 Qxb3 67.d7 Qd3 68.Qxb4 Qxd7+ 69.Kb6 Rd6+  0-1

[Event "ch-ESP"]
[Site "El Sauzal ESP"]
[Date "2010.09.05"]
[Round "2"]
[White "Espineira Gonzalez,D"]
[Black "Salgado Lopez,I"]
[Result "1/2-1/2"]
[WhiteElo "2287"]
[BlackElo "2595"]

1.e4 c5 2.Nf3 d6 3.d4 cxd4 4.Nxd4 Nf6 5.Nc3 a6 6.f3 e6 7.Be3 Nc6 8.Qd2 Be7
9.Be2 O-O 10.O-O Qc7 11.Rfd1 Ne5 12.Qe1 b6 13.Qf2 Bb7 14.Nb3 Nfd7 15.Rd2 b5
16.Rad1 Nc4 17.Bxc4 bxc4 18.Nd4 Rab8 19.Qg3 Rfe8 20.Nde2 Ba8 21.b3 cxb3 22.cxb3 Rbc8
23.Bd4 Bf8 24.Na4 Qa5 25.Bc3 Qb5 26.Bb2 Ne5 27.Nec3 Qb8 28.Ne2 Bc6 29.Nec3 Rcd8
30.Qf2 Re7 31.Qb6 Qa8 32.Qf2 Rb7 33.Ba3 Qb8 34.Nc5 Ra7 35.N5a4 h6 36.h3 Rad7
37.Qb6 Qxb6+ 38.Nxb6 Rb7 39.Nba4 g5 40.Kf2 Rc7 41.Ke3 Bxa4 42.Nxa4 Rc6 43.g3 h5
44.Bb2 Ng6 45.Bf6 Be7 46.Bxe7 Nxe7 47.h4 gxh4 48.gxh4 Kg7 49.Nb2 d5 50.Nc4 Rf8
51.Rg1+ Kh6 52.Ne5 Rc3+ 53.Rd3 Rxd3+ 54.Kxd3 dxe4+ 55.fxe4 f6 56.Nf3 Rd8+
57.Ke3 Nc6 58.Rc1 Rd6 59.a3 Kg6 60.Rc5 e5 61.b4 Na7 62.a4 Rb6 63.Rc7 Rxb4
64.Rxa7 Rxa4 65.Rb7 Ra3+ 66.Ke2 a5 67.Rb6 Kf7 68.Rb7+ Kg6 69.Nd2 a4 70.Nc4 Rh3
71.Nd6 Rxh4 72.Ra7 Rh2+ 73.Kf3 Rh3+ 74.Kg2 Ra3 75.Nc4 Ra2+ 76.Kg3 a3  1/2-1/2

[Event "EYCC Girls U16"]
[Site "Batumi GEO"]
[Date "2010.09.20"]
[Round "1"]
[White "Pritchard,A"]
[Black "Revo,T"]
[Result "0-1"]
[WhiteElo "1581"]
[BlackElo "1988"]

1.e4 c5 2.Nf3 d6 3.d4 cxd4 4.Nxd4 Nf6 5.Nc3 a6 6.f3 e6 7.Be3 b5 8.a3 Bb7
9.Be2 Be7 10.O-O O-O 11.Qd2 Nbd7 12.Nb3 Rc8 13.Rac1 d5 14.exd5 Nxd5 15.Nxd5 Bxd5
16.Rfd1 Nb6 17.Qa5 Na4 18.Qxd8 Rfxd8 19.Rf1 Nxb2 20.Bb6 Rd7 21.Ba5 Bxa3 22.Ra1 Be7
23.Rfc1 Bf6 24.Rab1 Na4 25.Bd3 Nc3 26.Bxc3 Rxc3 27.Nd2 Bg5 28.Rd1 Bxd2 29.Rxd2 Kf8
30.Ra1 Bb7 31.Rad1 b4 32.Rb1 b3 33.Rb2 bxc2 34.Bxc2 Rxd2 35.Rxb7 Rcxc2 36.Rb8+ Ke7
37.Rb7+ Kf6 38.g4 Rg2+ 39.Kf1 Rxh2 40.Kg1 Ra2 41.Rb1 Kg5  0-1

[Event "EYCC Boys U16"]
[Site "Batumi GEO"]
[Date "2010.09.21"]
[Round "2"]
[White "Karlik,O"]
[Black "Grigoryan,K2"]
[Result "0-1"]
[WhiteElo "2012"]
[BlackElo "2290"]

1.e4 c5 2.Nf3 d6 3.d4 cxd4 4.Nxd4 Nf6 5.Nc3 a6 6.f3 e5 7.Nb3 Be7 8.Be3 Be6
9.Qd2 O-O 10.O-O-O a5 11.a4 Na6 12.g4 Nb4 13.g5 Nh5 14.Kb1 Rc8 15.Rg1 d5
16.Nxd5 Bxd5 17.exd5 Rxc2 18.Qxc2 Nxc2 19.Kxc2 Qc8+ 20.Kb1 Qf5+ 21.Bd3 Qxf3
22.Bc1 Rd8 23.Bc2 Nf4 24.Bxf4 Qxf4 25.Nc1 e4 26.Rgf1 Qe5 27.Rde1 f5 28.gxf6 Bxf6
29.Rxf6 Qxf6 30.Rxe4 Rc8 31.Re2 Qf4 32.Re1 Qxh2 33.Bb3 Kh8 34.Rd1 Rd8 35.Ka2 g5
36.Rd4 Qe5 37.Rc4 Qxd5 38.Rc7 Qd2 39.Kb1 g4 40.Bc2 Rd7 41.Rc8+ Kg7 42.Rc4 h5
43.Bf5 Rd5 44.Bxg4 hxg4 45.Rxg4+ Kf6 46.Rc4 b6 47.Ka2 Ke7 48.Nb3 Qh6 49.Rc7+ Rd7
50.Rc4 Qe6  0-1

[Event "EYCC Boys U12"]
[Site "Batumi GEO"]
[Date "2010.09.21"]
[Round "2"]
[White "Mammadov,Gulam Ilham"]
[Black "Msellek,I"]
[Result "1-0"]
[WhiteElo "1829"]
[BlackElo "2066"]

1.e4 c5 2.Nf3 d6 3.d4 cxd4 4.Nxd4 Nf6 5.Nc3 a6 6.f3 e5 7.Nb3 Be6 8.Be3 Be7
9.Qd2 Nbd7 10.g4 Rc8 11.O-O-O b5 12.a3 Nb6 13.g5 Nfd7 14.Na5 Nc5 15.Nd5 Nxd5
16.exd5 Bd7 17.Kb1 Na4 18.Nb3 Bf5 19.Bd3 Bxd3 20.Qxd3 Qc7 21.f4 O-O 22.f5 f6
23.h4 Qc4 24.Na5 Qxd3 25.Rxd3 Nc5 26.Rc3 Ne4 27.Rxc8 Rxc8 28.Nc6 Bf8 29.Rg1 Kf7
30.Rg4 Nc5 31.Kc1 Na4 32.c3 Be7 33.Kc2 Bd8 34.Re4 Nc5 35.Rg4 Bb6 36.Bxc5 Bxc5
37.Kd3 Ra8 38.a4 Bf2 39.a5 Rg8 40.Ke2 Bc5 41.b4 g6 42.gxf6 Kxf6 43.fxg6 hxg6
44.bxc5 dxc5 45.Kd3 Rh8 46.Ke4  1-0

[Event "EYCC Girls U12"]
[Site "Batumi GEO"]
[Date "2010.09.23"]
[Round "5"]
[White "Javakhishvili,Mariam"]
[Black "Mammadzada,G"]
[Result "0-1"]
[WhiteElo "1550"]
[BlackElo "1815"]

1.e4 c5 2.Nf3 d6 3.d4 cxd4 4.Nxd4 Nf6 5.Nc3 a6 6.f3 g6 7.Be3 Bg7 8.Qd2 Nc6
9.O-O-O Bd7 10.g4 h6 11.h4 Rc8 12.h5 g5 13.Nf5 Bxf5 14.gxf5 b5 15.Bh3 Ne5
16.Qf2 Nc4 17.Bd4 Qa5 18.Bf1 b4 19.Bxc4 Rxc4 20.Bb6 Qe5 21.Ne2 O-O 22.Bd4 Qa5
23.Kb1 Rfc8 24.c3 Nd7 25.Bxg7 Kxg7 26.f4 f6 27.fxg5 fxg5 28.Rd5 R8c5 29.f6+ Nxf6
30.Rxc5 Qxc5 31.Qxc5 dxc5 32.Ng3 Nxe4 33.Nf5+ Kh7 34.Ne3 Nf2 35.Rf1 Rf4 36.cxb4 cxb4
37.Nd5 Rf8 38.Nxe7 g4 39.Ng6 Rf6 40.Rg1 Rf5 41.Rg2 Kg7 42.Kc2 Kf6 43.Nf8 Kg5
44.Ne6+ Kh4 45.Nd4 Rf6 46.Kb3 Kh3  0-1

[Event "39th Olympiad Men"]
[Site "Khanty-Mansiysk RUS"]
[Date "2010.09.24"]
[Round "4"]
[White "Odeev,H"]
[Black "Samakov,N"]
[Result "1-0"]
[WhiteElo "2397"]
[BlackElo "2356"]

1.e4 c5 2.Nf3 d6 3.d4 cxd4 4.Nxd4 Nf6 5.Nc3 a6 6.f3 e5 7.Nb3 Be6 8.Be3 Nbd7
9.g4 Nb6 10.g5 Nh5 11.Qd2 Be7 12.O-O-O O-O 13.Kb1 Nc4 14.Bxc4 Bxc4 15.Rhg1 Qc7
16.Nc1 b5 17.N1e2 g6 18.Ng3 Ng7 19.h4 Rfc8 20.h5 Qa5 21.a3 Kf8 22.hxg6 fxg6
23.Rh1 Bg8 24.f4 Rxc3 25.Qxc3 Qxc3 26.bxc3 exf4 27.Bxf4 Rc8 28.Bxd6 Rxc3
29.Rhf1+ Ke8 30.Ne2 Re3 31.Bxe7 Kxe7 32.Nd4 Ne6 33.Nc6+ Ke8 34.Ne5 Nxg5 35.Ng4 Rf3
36.Nf6+ Kf7 37.Nxh7 Bxh7 38.Rxf3+ Nxf3 39.Rf1 g5 40.Rxf3+ Ke6 41.Rg3 Kf6
42.e5+ Kf5 43.e6 Kxe6 44.Rxg5 Kd6 45.Rh5 Bg8 46.Rh6+ Be6 47.Kb2 Kd5 48.Kc3 a5
49.Rh5+ Kc6 50.Kd4 Bg4 51.Rh6+ Kb7 52.Ke4  1-0

[Event "39th Olympiad Men"]
[Site "Khanty-Mansiysk RUS"]
[Date "2010.09.29"]
[Round "8"]
[White "Cubas,Jo"]
[Black "Arias Santana,M"]
[Result "1-0"]
[WhiteElo "2463"]
[BlackElo "2345"]

1.e4 c5 2.Nf3 d6 3.d4 cxd4 4.Nxd4 Nf6 5.Nc3 a6 6.f3 e6 7.Be3 b5 8.Qd2 Nbd7
9.g4 Nb6 10.a4 Nc4 11.Bxc4 bxc4 12.g5 Nd7 13.h4 Bb7 14.h5 Qa5 15.Qg2 Nc5
16.g6 hxg6 17.hxg6 Rxh1+ 18.Qxh1 fxg6 19.Qg2 Kf7 20.O-O-O Be7 21.Rg1 Bf6
22.Qxg6+ Kf8 23.Bh6 Bxd4 24.Bxg7+ Bxg7 25.Qxg7+ Ke8 26.Qh7 Nd7 27.Rg8+ Nf8
28.Qg7  1-0

[Event "39th Olympiad Women"]
[Site "Khanty-Mansiysk RUS"]
[Date "2010.09.30"]
[Round "9"]
[White "Frisk,E"]
[Black "Aliaga Fernandez,I"]
[Result "0-1"]
[WhiteElo "2113"]
[BlackElo "2134"]

1.e4 c5 2.Nf3 d6 3.d4 cxd4 4.Nxd4 Nf6 5.Nc3 a6 6.f3 e6 7.Be3 b5 8.Qd2 Nbd7
9.g4 Nb6 10.O-O-O Bb7 11.g5 Nfd7 12.Bd3 Ne5 13.f4 Nec4 14.Qf2 Rc8 15.Kb1 b4
16.Nce2 Qc7 17.Bc1 Qc5 18.Qg3 d5 19.e5 g6 20.h4 a5 21.h5 Rg8 22.hxg6 hxg6
23.Rh7 Bc6 24.Qh3 Bd7 25.Rh8 Rg7 26.Rh7 Rg8 27.c3 a4 28.cxb4 Qxb4 29.Nc2 Qc5
30.Ned4 Rb8 31.Ka1 Na5 32.Bd2 Nbc4 33.Bxc4 Nxc4 34.b3 Nxd2 35.Rxd2 axb3 36.Nxb3 Qc4
37.Qe3 Ra8 38.Rh3 Qa4 39.Ncd4 Bb4 40.Rc2 Ke7 41.Rhh2 Qa6 42.Rc7 Ke8 43.Qh3 Qb6
44.Rhc2 Be7 45.Qh7 Rf8 46.Qh2 Rg8 47.Kb1 Rb8 48.Ka1 Ra8 49.Qh1 Qb4 50.R7c3 Qb6
51.Kb1 Bb4 52.Rh3 Ke7 53.Rh7 Rab8 54.Ka1 Qa6 55.Rc7 Kd8 56.Rc2 Ke7 57.Qc1 Ba3
58.Qd1 Rgc8 59.Rxc8 Rxc8 60.Rh2 Bb4 61.Kb1 Bc3 62.Rc2 Ba4 63.Qc1 Bxb3 64.Nxb3 Qd3
65.Qa3+ Ke8 66.Nc5 Qb5+ 67.Nb3 d4 68.Qd6 Qf1+ 69.Nc1 Qxf4 70.Nd3 Qf1+ 71.Nc1 Qb5+
72.Nb3 Rd8 73.Qc7 d3 74.Rh2 Bxe5  0-1

[Event "39th Olympiad Men"]
[Site "Khanty-Mansiysk RUS"]
[Date "2010.09.30"]
[Round "9"]
[White "Grassi,E"]
[Black "Dekker,Marv"]
[Result "1-0"]
[WhiteElo "2053"]
[BlackElo "2097"]

1.e4 c5 2.Nf3 d6 3.d4 cxd4 4.Nxd4 Nf6 5.Nc3 a6 6.f3 e5 7.Nb3 Be6 8.Be3 Be7
9.Qd2 O-O 10.O-O-O Nbd7 11.Qf2 b5 12.g4 Bxg4 13.Rg1 Be6 14.Bh6 Ne8 15.Qg3 Bf6
16.f4 exf4 17.Bxf4 Ne5 18.Nc5 Bxa2 19.Nxa2 Qa5 20.Kb1 Rc8 21.Nb3 Qc7 22.Rg2 Nc4
23.Bxc4 bxc4 24.Nd4 Rb8 25.c3 a5 26.Re2 Be5 27.Nf5 Rb3 28.Bxe5 dxe5 29.Rd5 f6
30.Red2 Rb7 31.Qg4 Kh8 32.Qd1 g6 33.Ng3 f5 34.exf5 gxf5 35.Rd7 Qc6 36.Rxb7 Qxb7
37.Rd7 Qc6 38.Qd5 Qxd5 39.Rxd5 f4 40.Ne4 Nf6 41.Nxf6 Rxf6 42.Rxe5 f3 43.Re1 Rh6
44.Rf1 Rh3 45.Rf2 Kg7 46.Kc1 Kf6 47.Kd2 Kg5 48.Ke3 Kg4 49.Nc1 h6 50.b3 cxb3
51.Nxb3 a4 52.Nd4 a3 53.Ke4 Rh5 54.Nxf3 Rc5 55.Rg2+ Kh5 56.Kd4 Ra5 57.Ra2 Kg4
58.Ne5+ Kh3 59.c4 h5 60.c5 h4 61.Nc4 Ra8 62.c6 Rd8+ 63.Kc5 Rg8 64.c7 Rg5+
65.Kc6 Rg4 66.Nd6  1-0

[Event "39th Olympiad Women"]
[Site "Khanty-Mansiysk RUS"]
[Date "2010.09.30"]
[Round "9"]
[White "Abrahamyan,T"]
[Black "Fakhiridou,E"]
[Result "1/2-1/2"]
[WhiteElo "2352"]
[BlackElo "2208"]

1.e4 c5 2.Nf3 d6 3.d4 cxd4 4.Nxd4 Nf6 5.Nc3 a6 6.f3 e5 7.Nb3 Be6 8.Be3 Be7
9.Qd2 O-O 10.O-O-O Nbd7 11.g4 b5 12.g5 b4 13.Ne2 Ne8 14.Ng3 a5 15.Kb1 a4
16.Nc1 b3 17.Nf5 bxc2+ 18.Kxc2 Qc8+ 19.Kb1 Bd8 20.Nxd6 Nxd6 21.Qxd6 a3 22.b3 Be7
23.Qd2 Qb7 24.Bc4 Nb6 25.Bxe6 fxe6 26.Bxb6 Qxb6 27.Nd3 Rxf3 28.Qc2 Rff8 29.Nxe5 Rf2
30.Rd2 Rxd2 31.Qxd2 Bxg5 32.Qd7 Bf6 33.Nc4 Qf2 34.Qxe6+ Kh8 35.Rd1 Qe2 36.Qd5 Re8
37.Qd3 Qxh2 38.e5 Bg5 39.Qe4 h6 40.Qc2 Qf4 41.Qd3 Qh2 42.Rf1 Rd8 43.Qc2 Qh3
44.Qe2 Be7 45.Kc2 Bb4 46.Rf3 Qh1 47.Rf1 Qh3 48.Rf3 Qh1 49.Rf1 Qh3  1/2-1/2

[Event "39th Olympiad Women"]
[Site "Khanty-Mansiysk RUS"]
[Date "2010.10.03"]
[Round "11"]
[White "Frisk,E"]
[Black "Luna,Ra"]
[Result "1-0"]
[WhiteElo "2113"]
[BlackElo "2030"]

1.e4 c5 2.Nf3 d6 3.d4 cxd4 4.Nxd4 Nf6 5.Nc3 a6 6.f3 e5 7.Nb3 Be6 8.Be3 Nbd7
9.g4 h6 10.Qd2 Qc7 11.O-O-O b5 12.Kb1 Rc8 13.h4 Nb6 14.Qf2 Nc4 15.Bc1 b4
16.Nd5 Bxd5 17.exd5 Be7 18.Bh3 a5 19.g5 Nd7 20.gxh6 gxh6 21.Bf5 Rb8 22.Nd2 Ndb6
23.Nxc4 Nxc4 24.Rhg1 Bf6 25.Be4 a4 26.Rd3 Ke7 27.h5 Rb7 28.b3 Na3+ 29.Bxa3 bxa3
30.Qd2 Rc8 31.Bf5 Rh8 32.Rc3 Qa5 33.Rg4 axb3 34.cxb3 Rhb8 35.Qc2 Bg5 36.Rgc4 Qb6
37.Qd1 Qf2 38.Rc2 Qe3 39.R4c3 Qb6 40.Rc6 Qe3 41.R6c3 Qa7 42.Bc8 Be3 43.Bxb7 Rxb7
44.Qe1 Bg5 45.Rc4 Kf6 46.Rc6 Rd7 47.R2c4 Qe3 48.Qxe3 Bxe3 49.Rg4 Kf5 50.Kc2 Bf4
51.Rg8 Bg5 52.Ra8 Kf4 53.Rc3 e4 54.fxe4 Kxe4 55.Rxa3 Kxd5 56.Ra8 Re7 57.Rd3+ Ke6
58.a4 f5 59.a5 f4 60.a6 Kf5 61.Rb8 Ra7 62.Rxd6 f3 63.Rb7 Ra8 64.b4 Kg4 65.Rf7 Be3
66.b5 f2 67.Rdf6 Kxh5 68.Kd3 Re8 69.Rxf2 Bxf2 70.Rxf2  1-0

[Event "39th Olympiad Women"]
[Site "Khanty-Mansiysk RUS"]
[Date "2010.10.03"]
[Round "11"]
[White "Gutierrez,L"]
[Black "Lacau Rodean,I"]
[Result "1-0"]
[WhiteElo "2062"]
[BlackElo "2024"]

1.e4 c5 2.Nf3 d6 3.d4 cxd4 4.Nxd4 Nf6 5.Nc3 a6 6.f3 e5 7.Nb3 Be7 8.Be3 O-O
9.Qd2 Nbd7 10.O-O-O b5 11.g4 b4 12.Nd5 Nxd5 13.Qxd5 Rb8 14.h4 Bb7 15.Qd2 a5
16.Kb1 a4 17.Nc1 Qa5 18.g5 Ba6 19.h5 Bxf1 20.Rdxf1 Nb6 21.Bxb6 Rxb6 22.Rfg1 d5
23.g6 fxg6 24.hxg6 Rxg6 25.Rxg6 hxg6 26.exd5 Rd8 27.Rd1 Qb5 28.Ne2 Kf7 29.Ng3 b3
30.cxb3 axb3 31.a3 Rc8 32.d6 Rc2 33.Qe3 Bd8 34.Qa7+ Kg8 35.Qa8 Qd7 36.Qb8 Rf2
37.Qxb3+ Qf7 38.Qxf7+ Kxf7 39.Rd3 Rg2 40.Ne4 g5 41.d7 g4 42.Nd6+ Ke7 43.fxg4 Rxg4
44.b4 g5 45.b5 Bc7 46.Nc8+ Kd8 47.Na7 Rd4 48.Nc6+ Kxd7 49.Nxd4 exd4 50.Rxd4+ Ke7
51.Kc2 Bb6 52.Rc4 Kd7 53.Kd3 Bf2 54.Rg4 Bh4 55.Rxh4 gxh4 56.Ke3 Kc7 57.Kf3 Kb6
58.a4 h3 59.Kg3  1-0

[Event "I Memorial Oliver Gonzalez"]
[Site "Madrid ESP"]
[Date "2010.10.09"]
[Round "1"]
[White "Fernandez Gil,R"]
[Black "Perez de Aranda A.,LI"]
[Result "0-1"]
[WhiteElo "1719"]
[BlackElo "2148"]

1.e4 c5 2.Nf3 d6 3.d4 cxd4 4.Nxd4 Nf6 5.Nc3 a6 6.f3 e6 7.Be3 b5 8.Qd2 Bb7
9.O-O-O Nbd7 10.g4 Rc8 11.g5 b4 12.Nce2 Nxe4 13.fxe4 Bxe4 14.Rg1 e5 15.Qxb4 exd4
16.Nxd4 d5 17.Qd2 Bc5 18.Bd3 Bxd3 19.Qxd3 Ne5 20.Qf5 Nc4 21.Rg3 O-O 22.Rh3 g6
23.Qf4 Re8 24.Rf1 Qc7 25.Qh4 h5 26.gxh6 Qb6 27.h7+ Kh8 28.Rxf7 Qxb2+ 29.Kd1 Nxe3+
30.Rxe3 Bxd4 31.Rxe8+ Rxe8 32.Re7 Qb1+ 33.Ke2 Qxc2+ 34.Kf3 Rf8+ 35.Kg4 Qf5+  0-1

[Event "WY Girls-U12"]
[Site "Porto Carras GRE"]
[Date "2010.10.26"]
[Round "7.10"]
[White "Hua,Margaret"]
[Black "Mammadzada,G"]
[Result "1-0"]
[WhiteElo "1943"]
[BlackElo "1815"]

1.e4 c5 2.Nf3 d6 3.d4 cxd4 4.Nxd4 Nf6 5.Nc3 a6 6.f3 e6 7.Be3 b5 8.Bd3 Bb7
9.Nce2 Nbd7 10.O-O Nb6 11.Kh1 Be7 12.c3 O-O 13.Ng3 Qc7 14.f4 Rfd8 15.Qe2 Nbd7
16.Bd2 Nc5 17.Bc2 Bf8 18.Rae1 e5 19.Ndf5 exf4 20.Bxf4 Ne6 21.Nh5 Nxh5 22.Qxh5 g6
23.Qg4 Kh8 24.Nh6 Nxf4 25.Qxf4 Bxh6 26.Qxh6 d5 27.Rf4 d4 28.Ref1 Rf8 29.Rh4 f6
30.Qxg6 dxc3 31.e5 f5 32.Bxf5 Rxf5 33.Qxf5 Rg8 34.Rg4 Rxg4 35.Qxg4 Qg7 36.Qxg7+ Kxg7
37.bxc3 Bd5 38.a3  1-0

[Event "Chigorin Mem Classic Open"]
[Site "St Petersburg RUS"]
[Date "2010.10.29"]
[Round "2"]
[White "Szabo,Krisz1"]
[Black "Biriukov,O"]
[Result "1-0"]
[WhiteElo "2528"]
[BlackElo "2345"]

1.e4 c5 2.Nf3 d6 3.d4 cxd4 4.Nxd4 Nf6 5.Nc3 a6 6.f3 e6 7.Be3 b5 8.Qd2 Nbd7
9.g4 h6 10.O-O-O Bb7 11.h4 b4 12.Na4 Qa5 13.b3 Nc5 14.a3 Nxa4 15.axb4 Qc7
16.bxa4 Nd7 17.a5 d5 18.Bf4 e5 19.Bg3 Rb8 20.g5 Ba8 21.b5 hxg5 22.exd5 gxh4
23.Nc6 Bxc6 24.dxc6 Qxc6 25.Qe3 Qc5 26.Qxc5 Bxc5 27.b6 Be3+ 28.Kb1 Rh6 29.Rxh4 Nxb6
30.axb6 Rhxb6+  1-0

[Event "Chigorin Mem Classic Open"]
[Site "St Petersburg RUS"]
[Date "2010.10.29"]
[Round "2"]
[White "Akatova,E"]
[Black "Belotserkovsky,D"]
[Result "1-0"]
[WhiteElo "2260"]
[BlackElo "2012"]

1.e4 c5 2.Nf3 d6 3.d4 cxd4 4.Nxd4 Nf6 5.Nc3 a6 6.f3 e5 7.Nb3 Be6 8.Be3 Be7
9.Qd2 O-O 10.O-O-O Nbd7 11.g4 b5 12.Rg1 b4 13.Nd5 Bxd5 14.exd5 Nb6 15.Na5 Nfxd5
16.Nc6 Qc7 17.Nxe7+ Qxe7 18.Bxb6 Nxb6 19.Qxd6 Qg5+ 20.Qd2 Qe7 21.Bd3 Rfd8
22.Qe3 Nd5 23.Bxh7+ Kxh7 24.Rxd5 Rxd5 25.Qe4+ Kg8 26.Qxd5 Rd8 27.Qe4 Qc5
28.Re1 Rc8 29.g5 Qf2 30.Rd1 Qxh2 31.Qf5 Rf8 32.b3 Qe2 33.g6 Qe3+ 34.Kb1 Qc5
35.f4 Qe7 36.fxe5 fxg6 37.Qxg6 Qxe5 38.Qxa6 Qe4 39.Qd3 Re8 40.Qd5+ Re6 41.Kb2 Qe2
42.Rd4 Qe1 43.Rxb4 Qxb4 44.Qxe6+ Kh7 45.a4 Qd4+ 46.Ka2 g5 47.a5 g4 48.a6 Qg7
49.Qe4+ Kh6 50.Qe3+ Kh5 51.a7 Qb7 52.Qe8+  1-0

[Event "CONPET Cup 2010"]
[Site "Ploiesti ROU"]
[Date "2010.10.31"]
[Round "8.1"]
[White "Manole,S"]
[Black "Mosnegutu,K"]
[Result "0-1"]
[WhiteElo "2032"]
[BlackElo "2267"]

1.e4 c5 2.Nf3 d6 3.d4 cxd4 4.Nxd4 Nf6 5.Nc3 a6 6.f3 e5 7.Nb3 Be6 8.Be3 Nbd7
9.Qd2 b5 10.O-O-O Nb6 11.Qf2 Nc4 12.Bxc4 bxc4 13.Nc5 Be7 14.N5a4 Rb8 15.g4 h6
16.Ba7 Ra8 17.Bb6 Qd7 18.h4 Qc6 19.g5 Nd7 20.Be3 h5 21.f4 exf4 22.Bxf4 Rb8
23.Qd4 Rb4 24.b3 Ne5 25.Nd5 Bxd5 26.exd5 Qc7 27.Bxe5 cxb3 28.Qc3 Rc4 29.Qxb3 O-O
30.Bd4 Rc8 31.c3 Qa5 32.Nc5 R8xc5  0-1

[Event "ch-ISR"]
[Site "Haifa ISR"]
[Date "2010.11.11"]
[Round "4.7"]
[White "Sheshkin,M"]
[Black "Zanan,E"]
[Result "1/2-1/2"]
[WhiteElo "2252"]
[BlackElo "2207"]

1.e4 c5 2.Nf3 d6 3.d4 cxd4 4.Nxd4 Nf6 5.Nc3 a6 6.f3 e5 7.Nb3 Be7 8.Be3 Be6
9.Qd2 O-O 10.O-O-O a5 11.Bb5 Nbd7 12.g4 Nb6 13.g5 Nfd7 14.Kb1 a4 15.Nc1 Qc8
16.a3 Nc4 17.Bxc4 Qxc4 18.N1a2 f5 19.Nb4 f4 20.Bf2 Rfc8 21.h4 b5 22.Ncd5 Bd8
23.Qe1 Nc5 24.h5 Na6 25.Rd3 Nxb4 26.Nxb4 Ba5 27.Rc3 Bxb4 28.Rxc4 Bxe1 29.Rxc8+ Rxc8
30.Rxe1 Bf7 31.Rh1 d5 32.Rd1 Rd8 33.g6 hxg6 34.hxg6 Be6 35.Bb6 Rd7 36.exd5 Rxd5
37.Rxd5 Bxd5 38.Bc7 e4 39.fxe4 Bxe4 40.Bxf4 Bxg6 41.Kc1 Kf8 42.b3  1/2-1/2